000 00208 a2200097 4500
001 52383
100 _a
245 _aThe Wisdom of the Prophets
260 _aLahore
_bSuhail Academy
_c
090 _c32958
_d32958
942 _aNUST-CAE
_c
_c25511
999 _c287456
_d287456